000 00416nam a22001337a 4500
020 _a9789871625222
080 _a349.6 C 668
245 _aCorte Suprema de Justicia de la Nación. Secretaría de Jurisprudencia
_bDerecho ambiental
260 _aBuenos Aires
_bCorte Suprema de Justica de la Nación
_c2012
300 _a288 p.
650 _xderecho ambiental
_xjurisprudencia
945 _asa
_d2015-05-08
999 _c3870
_d234374
942 _6_